| 000 | 02352nem a2200421 4500 | ||
|---|---|---|---|
| 001 | RU\NLR\DIGIT\30203 | ||
| 005 | 20250313201415.0 | ||
| 035 | _a(NLR Aleph) 010117512 | ||
| 090 |
_a9987294 _c9987294 |
||
| 100 | _a20051109f1742 m y0rusy50 ca | ||
| 101 | 0 | _alat | |
| 102 | _aRU | ||
| 120 | _abyy xx|| | ||
| 123 | 1 |
_aа _b600000 |
|
| 135 | _acrcn 024apabr | ||
| 200 | 1 |
_aIngria et Carelia _bКарты _fJ. Grimmel del |
|
| 206 | _a[ок. 1:600 000, ок. 14 вёрст в 1 дюйме (6 км в 1 см), граф. м-б в вёрстах] | ||
| 210 |
_a[Санкт-Петербург _cГеографический департамент Императорской Академии наук _dок. 1742] |
||
| 215 |
_a1 к _cграв., раскраш. границы _d58х44 (64х49) см |
||
| 300 | _aТо же, нераскраш., на лат. яз. К 1-Зап 2/35; то же, нераскраш., на рус. яз., без рис. кораблей К 1-Зап 2/37; то же, на рус. яз., раскраш. границы, без. рис. кораблей К 1-Зап 2/38; то же, после 1757 г. изд., на лат. яз., нераскраш. К 1-Зап 2/50 | ||
| 325 | _aКопия доступна в Электрон. б-ке РНБ http://vivaldi.nlr.ru/cm000000228/view | ||
| 509 | 0 | 1 |
_aИнгерманландия, _hисторическая область _3RU\NLR\auth_crt\551028 |
| 509 | 0 | 1 |
_aКарелия, _hисторическая область _3RU\NLR\auth_crt\551951 |
| 607 |
_aИнгерманландия _jКарты _2nlr_sh2 _3RU\NLR\AUTH\6601624000 |
||
| 608 |
_aОбщегеографические карты среднемасштабные _2nlr_sh1 _2nlr_sh2 _3RU\NLR\AUTH\661390487 |
||
| 702 | 1 |
_aГриммель, _bИ. Э. _f1703-1759 _gИоганн Элиас _4350 |
|
| 801 | 2 |
_aRU _bNLR _c20070626 _2rusmarc |
|
| 852 |
_aNLR _bК _j1-Зап 2/36 _m17427 |
||
| 856 | 0 | _uhttp://vivaldi.nlr.ru/cm000000228/view | |
| 856 | 1 | _uhttp://vivaldi.nlr.ru/cm000000228/cover | |
| 856 | 2 | _uhttp://vivaldi.nlr.ru/cm000000228/text | |
| 942 | _cMAP | ||
| 980 | _aCRT_CCRP18 | ||
| 980 | _aNB | ||
| 981 | 3 | 6 | _a(36) Цифровой репозиторий РНБ |
| 981 | 1 | 9 | _a(19) Картографические материалы |